000 00345 a2200109 4500
001 ART_6380
005 20260410161619.0
008 260409a
245 1 0 _aPrincipales aspectos vinculados a la actuación del perito designado de oficio
100 1 _aRodríguez, Raquel E.
773 0 _tEnfoques
_g- Nº 3 (mar. 2009)
_wREV416
999 _c11405
_d11405